Missing Word: Al Pacino (A-Z) Quiz Stats

 Plays Quiz Updated Feb 1, 2015

Challenge
Share
Tweet
Embed
Score 0/21 Timer 03:00
0 Plays Today
Hint Missing Word % Correct
Scent of a _____ Woman
95.6%
The _____ 's AdvocateDevil
95.5%
Dog Day _____ Afternoon
94.1%
_____ 's ThirteenOcean
92%
The _____ : Part IIGodfather
91.7%
The Merchant of _____ Venice
91.3%
Stand _____ Guys Up
88.2%
...And _____ for All.Justice
85.8%
Glengarry Glen _____ Ross
83.3%
_____ 's WayCarlito
76.4%
_____ and JohnnyFrankie
76.1%
Hint Missing Word % Correct
Donnie _____ Brasco
76%
Two for the _____ Money
71.3%
People I _____ Know
69.2%
The Son of _____ OneNo
66.5%
_____ of Love Sea
34.6%
City _____ Hall
28.8%
_____ BitsTwo
25.2%
The _____ in Needle ParkPanic
22.2%
The _____ Insider
9.2%
The _____ Stigmatic Local
5.5%

Today's Daily Dose

You're not logged in!

Compare scores with friends on all Sporcle quizzes.
OR
Log In

You Might Also Like...

Show Comments

Extras

Top Quizzes Today


Score Distribution

Your Account Isn't Verified!

In order to create a playlist on Sporcle, you need to verify the email address you used during registration. Go to your Sporcle Settings to finish the process.

Report this User

Report this user for behavior that violates our Community Guidelines.

Details: